00397nam a22001457a 450000500170000001000150001702000260003203500140005803700100007208200100008224500810009226000180017330000230019170000370021420250707123902.0 aENG-145732 a9788119524037c650.00 aEN-129264 bDBAD/ a658.3 aIntersections Exploring Multidisciplinary PerspectivescRinki Mishra [et.al] bExceller Open a235 p.c27.9cm(pb) aPrabahan Pujari, Aparna Havaldar